Islamismo Yihadista: radicalización y contrarradicalización

Wedi'i Gadw mewn:
Manylion Llyfryddiaeth
Prif Awdur: Antón Mellón, Joan (autor)
Fformat: Llyfr
Iaith:Sbaeneg
Cyhoeddwyd: Valencia Tirant lo Blanch 2015
Rhifyn:1a. ed
Pynciau:
Tagiau: Ychwanegu Tag
Dim Tagiau, Byddwch y cyntaf i dagio'r cofnod hwn!

MARC

LEADER 00000cam a2200000 a 4500
001 UCE8287
003 CL-VaPUC
008 150728e20150000sp |||||||||||||||||spa|d
020 |a 9788490860588 
082 0 4 |a 303.625  |b MEL  |2 21 
100 |a Antón Mellón, Joan  |e autor  |9 527999 
245 1 0 |a Islamismo Yihadista: radicalización y contrarradicalización 
250 |a 1a. ed 
300 |a 263 p 
942 |c BK 
945 |d 20150728 02:05:00  |a gsalatino 
260 |a Valencia  |b Tirant lo Blanch  |c 2015 
650 0 |a Países islámicos  |9 318488 
650 0 |a Islamismo  |9 314084 
650 7 |a HISTORIA COMTEMPORANEA  |2 CL-VaPUC  |9 379679 
650 0 |a Terrorismo   |9 255070 
650 7 |a TERRORISMO INTERNACIONAL  |2 CL-VaPUC  |9 336647 
583 |a last modification  |c 20150728 02:05:00  |k Rodrigo Vera 
999 |c 360221  |d 360219 
952 |0 0  |1 0  |3 erb  |4 0  |6 303_625000000000000_MEL_2015  |7 0  |8 A  |9 469876  |a BIBHIS  |b BIBHIS  |i 5191289  |o 303.625 MEL 2015  |p 5191289  |r 2025-01-20  |w 2019-11-23  |y BK  |z Catalogado en:20150728  |k HIS